Christliche Dogmatik

Αποθηκεύτηκε σε:
Λεπτομέρειες βιβλιογραφικής εγγραφής
Κύριος συγγραφέας: Seeberg, Reinhold 1859-1935
Μορφή: Βιβλίο
Γλώσσα:German
Δημοσίευση: Erlangen; Leipzig : Deichert, 1924-1925
Θέματα:
Ετικέτες: Προσθήκη ετικέτας
Δεν υπάρχουν, Καταχωρήστε ετικέτα πρώτοι!

MARC

LEADER 00000cam a2200000 i 4500
001 1/31056
008 060614m19241925 ger d
035 |l 10084308 
040 |a GR-MY-UA  |b gre  |e aacr 
041 0 |a ger 
082 0 |a 230.01  |2 (22) 
100 1 |a Seeberg, Reinhold  |d 1859-1935. 
245 1 0 |a Christliche Dogmatik /  |c von Reinhold Seeberg 
260 |a Erlangen; Leipzig :   |b Deichert,   |c 1924-1925 
300 |a 2 τ.;  |c 24 εκ. 
505 0 |a Τ.1. Religionsphilosophisch-apologetische und erkenntnis-theoretische grundlegung. Allgemeiner teil: Die lehren von Gott, dem menschenund der geschichte. - τ.2. Die spezielle christliche dogmatik: Das Bose und die sondige menschheit, der Erloser und sein werk, die erneuerung der menschheit und die gnadenordnung, die vollendung der menschheit und das ewige Gottesreich 
650 0 0 |a Theology, Doctrinal. 
650 0 0 |a Theology, Doctrinal  |z Germany  |x History. 
852 |a INST  |b RHODES  |c KRI  |e 20060614  |h  230.01 SEE  |p 005400024838  |q 005400024838  |t BK  |v τ.2:  |y 0  |z τ.2 
852 |a INST  |b RHODES  |c KRI  |e 20060615  |h  230.01 SEE  |p 005400024865  |q 005400024865  |t BK  |v τ.1:  |y 0  |z τ.1 
853 |a INST  |b RHODES  |c KRI  |h  230.01 SEE 
901 |a BIBL4-2006-2 
909 |a Ρ  |b 123825 
909 |a Ρ  |b 123799 
970 |a ΚΟΖΑ  |b ΜΑΡΙΑ  |z 2006/06/14